000 01177pam a2200277 a 4500
001 2843071
003 NUST-PNEC
005 20170116180718.0
008 841219s1986 nyua 001 0 eng
010 _a 84029697
020 _a0070071306
040 _cPNEC
050 0 0 _aTS176
_b.H337 1986
082 0 0 _a671 BRA
_219
100 _9758
_aBralla, James G.
245 0 0 _aHandbook of product design for manufacturing :a practical guide to low-cost production /
_cJames G. Bralla, editor in chief.
260 _aNew York :
_bMcGraw-Hill,
_cc1986.
300 _a1135 p. in various pagings :
_bill. ;
_c24 cm.
500 _aIncludes index. http://www.amazon.com/Handbook-Product-Design-Manufacturing-Mcgraw-Hill/dp/0070071306/ref=sr_1_1?s=books&ie=UTF8&qid=1413968259&sr=1-1&keywords=Handbook+of+product+design+for+manufacturing+%3A+a+practical+guide+to+low-cost+production
650 0 _aProduction engineering
_vHandbooks, manuals, etc.
_xME, IME
650 0 _aEngineering design
_vHandbooks, manuals, etc.
650 0 _aProduct design
_vHandbooks, manuals, etc.
700 1 _aBralla, James G.
906 _a7
_bcbc
_corignew
_d1
_eocip
_f19
_gy-gencatlg
942 _2ddc
_cBK
999 _c61254
_d61254